Formule 1 - Quiz pilote : Nico Hülkenberg - Statistiques

Statistiques générales
  • Ce quiz a été pris 76 fois
    75 depuis la dernière actualisation
  • Le résultat moyen est 21 sur 30
Statistiques - réponses
Hint Réponse % Correct
Écuries pour lesquelles il a conduit 2023 - 2024 Haas
97%
Écuries pour lesquelles il a conduit Depuis 2025 Kick Sauber
95%
Informations de base Nationalité (sportive) Allemagne
94%
Coéquipiers 2023 - 2024 Kevin Magnussen
94%
Autres Son "ennemi" avant de devenir coéquipier Kevin Magnussen
94%
Championnat du monde Nombres de titre pilote 0
92%
Championnat du monde Nombres de titre constructeur 0
92%
Coéquipiers 2025 Gabriel Bortoletto
92%
Écuries pour lesquelles il a conduit 2017 - 2019 Renault
92%
Informations de base Arrivée en Formule 1 (année) 2010
90%
Écuries pour lesquelles il a conduit 2013 Sauber
82%
Informations de base Numéro de pilote 27
79%
Coéquipiers 2019 Daniel Ricciardo
79%
Autres Il détient le record du plus grand nombre de course sans ... Victoire
79%
Coéquipiers 2024 Oliver Bearman
77%
Écuries pour lesquelles il a conduit 2022 Aston Martin
76%
Coéquipiers 2020 & 2022 Lance Stroll
71%
Informations de base Surnom Hulk
69%
Écuries pour lesquelles il a conduit 2020 Racing Point
69%
Écuries pour lesquelles il a conduit 2012 Force India
66%
Écuries pour lesquelles il a conduit 2014 - 2016 Force India
66%
Coéquipiers 2017 - 2018 Carlos Sainz
65%
Coéquipiers 2014 - 2016 & 2020 Sergio Perez
61%
Écuries pour lesquelles il a conduit 2010 Williams
60%
Informations de base Nom complet Nicolas Hülkenberg
56%
Coéquipiers 2017 Jolyon Palmer
34%
Coéquipiers 2012 Paul Di Resta
29%
Coéquipiers 2010 Rubens Barrichello
29%
Coéquipiers 2013 Esteban Gutiérrez
26%
Informations de base Date de naissance 19 août 1987
23%
Aucun quiz correspondant
Distribution des résultats
% des personnes avec chaque résultat
Percentile par nombre de réponses
Votre historique - résultats
Vous n’avez pas pris ce quiz depuis la dernière actualisation